Statistics for UEFA Intertoto Cup Winners

Click here to take the quiz!

General Stats

  • This quiz has been taken 64 times
    (36 since last reset)
  • The average score is 20 of 55

Answer Stats

YearCountryClub% Correct
2001FranceParis Saint-Germain
74%
2001EnglandAston Villa
71%
2005FranceOlympique Marseille
68%
1997FranceOlympique Lyonnais
65%
2005GermanyHamburger SV
65%
1995FranceFC Girondins de Bordeaux
65%
2003GermanySchalke 04
61%
1998SpainValencia
61%
2008SpainDeportivo La Coruña
61%
2004FranceLille OSC
58%
2008PortugalBraga
55%
2006EnglandNewcastle United
52%
2000SpainCelta Vigo
52%
1999ItalyJuventus
52%
2000ItalyUdinese
48%
1998GermanyWerder Bremen
48%
2007ItalyUC Sampdoria
45%
1999EnglandWest Ham United
42%
2000GermanyVfB Stuttgart
42%
2002SpainMálaga
42%
2003SpainVillarreal
42%
2005FranceLens
39%
2006GermanyHertha BSC
39%
2007DenmarkAaB
39%
1997FranceAJ Auxerre
39%
2006SloveniaMaribor
39%
2007SpainAtlético Madrid
39%
1998ItalyBologna FC
39%
1999FranceMontpellier HSC
39%
2008FranceStade Rennais
35%
1995FranceStrasbourg
32%
2008ItalySSC Napoli
32%
2006NetherlandsTwente
32%
2008NorwayRosenborg
32%
2008AustriaSturm Graz
32%
2002EnglandFulham
29%
2007AustriaRapid Wien
29%
2006SwitzerlandGrasshopper
26%
2007EnglandBlackburn Rovers
26%
2006DenmarkOB
23%
2003ItalyPerugia
19%
2007PortugalLeiria
16%
1997FranceBastia
16%
1996FranceEA Guingamp
16%
2007SwedenHammarby IF
13%
2007RomaniaOţelul Galaţi
13%
2006TurkeyKayserispor
13%
1996DenmarkSilkeborg
13%
1996GermanyKarlsruher SC
13%
2007KazakhstanTobol
10%
2006CyprusEthnikos Achna
10%
2008RomaniaVaslui
10%
2008SwedenElfsborg
10%
2006AustriaRied
10%
2001FranceES Troyes
6%

Score Distribution

Percentile by Number Answered

Percent of People with Each Score

Your Score History

You have not taken this quiz since the last reset